Top 20 Baby Names of 2015 Quiz Stats

 Plays Quiz Updated May 24, 2016

Challenge
Share
Tweet
Embed
Score 0/20 Timer 08:00
0 Plays Today
Hint Answer % Correct
GirlsEmma
62.7%
BoysMichael
62%
BoysJames
54.9%
GirlsEmily
54.2%
BoysWilliam
49.5%
BoysJacob
49.2%
GirlsOlivia
47.1%
GirlsSophia
44.6%
BoysNoah
39.4%
GirlsIsabella
38.8%
Hint Answer % Correct
GirlsAva
38.7%
BoysLiam
33.4%
BoysEthan
31.2%
BoysAlexander
29.7%
GirlsCharlotte
26.7%
BoysMason
26%
BoysBenjamin
25.6%
GirlsMia
24.3%
GirlsAbigail
22.4%
GirlsHarper
12.7%

You're not logged in!

Compare scores with friends on all Sporcle quizzes.
Join for Free
OR
Log In

You Might Also Like...

Show Comments

Extras

Top Quizzes Today


Score Distribution

Your Account Isn't Verified!

In order to create a playlist on Sporcle, you need to verify the email address you used during registration. Go to your Sporcle Settings to finish the process.

Report this User

Report this user for behavior that violates our Community Guidelines.

Details: